The Art of Metal Clay : Techniques for Creating Jewelry and Decorative Objects /
Na minha lista:
| Autor principal: | |
|---|---|
| Formato: | Livro |
| Idioma: | inglês |
| Publicado em: |
Nueva York, EUA :
Watson-Guptill,
2010, c2010
|
| Edição: | Edición revisada y aumentada |
| Assuntos: | |
| Tags: |
Sem tags, seja o primeiro a adicionar uma tag!
|
MARC
| LEADER | 00000nam^a2200000^a^4500 | ||
|---|---|---|---|
| 001 | 000393058 | ||
| 005 | 20250521000000.0 | ||
| 009 | 20260310121259 | ||
| 020 | |a 978-0-8230-9932-0 | ||
| 037 | |a Acervo ITESO - Biblioteca | ||
| 041 | |a ING | ||
| 082 | |a 739. 2721 |b HAA | ||
| 100 | |a Haab, Sherri |e (autor) | ||
| 245 | 1 | 4 | |a The Art of Metal Clay : |b Techniques for Creating Jewelry and Decorative Objects / |c S. Haab. |
| 250 | |a Edición revisada y aumentada | ||
| 264 | 4 | |a Nueva York, EUA : |b Watson-Guptill, |c 2010, c2010 | |
| 300 | |a 160 p. + |e 1 DVD región 1 (66 min.) | ||
| 336 | |a texto |b txt |2 rdacontenido | ||
| 337 | |a sin mediación |b n |2 rdamedio | ||
| 338 | |a volumen |b nc |2 rdasoporte | ||
| 521 | |a Peticiones 2017 | ||
| 649 | |a XX | ||
| 650 | |a Metales | ||
| 650 | |a Joyería - |x Materiales y Equipo | ||
| 650 | |a Joyería - |x Técnica | ||
| 650 | |a Joyería - |x Tema Principal | ||
| 650 | |a Diseño - |x Materiales y Equipo | ||
| 650 | |a Diseño - |x Técnica | ||
| 650 | |a Artesanía de Metal - |x Tema Principal | ||
| 650 | |a Artesanía de Metal - |x Técnica | ||
| 650 | |a Arte Popular - |x Técnica | ||
| 910 | |a Fondo General | ||
| 920 | |a Impresos - Libros | ||
| 930 | |a Reserva Especial | ||
| 905 | |a 103 | ||
| 901 | |a 0500287862 |b IT1 |c REE |i C154833 |u 20250521 | ||
| 901 | |a DVD0009235 |b IT2 |c DVR |i C154833 |u 20250521 | ||
| 902 | |a https://opac.biblio.iteso.mx/vufind/Record/000393058 | ||